[Event "Floripa Chess Open 2024"]
[Site "Florianopolis"]
[Date "2024.01.22"]
[Round "3.203"]
[White "Da Rosa, Pauline Cardoso"]
[Black "Abdalla, Umar Mohammad"]
[Result "0-1"]
[WhiteElo "1800"]
[BlackElo "1354"]
[PlyCount "80"]
[EventDate "2024.01.20"]
[EventRounds "10"]
[EventCountry "BRA"]

1. e4 e5 2. Nf3 Nf6 3. Nc3 Nc6 4. Bc4 h6 5. O-O Bc5 6. d3 a6 7. a3 ({RR} 7. Nd5
d6 8. c3 O-O 9. Be3 Bxe3 10. fxe3 Na5 11. Nxf6+ Qxf6 12. Bd5 c6 13. Bxf7+ Qxf7
14. b4 Nc4 15. dxc4 Qxc4 16. Qxd6 Qxc3 17. Kh1 Bh3 18. Nxe5 Qxe3 19. Qg6 Qe2
20. Rfe1 Qb2 21. Nd3 Qc3 {Fedoseev,V (2733)-Mamedyarov,S (2791) Sochi 2017 1-0
(56)}) 7... d6 8. Re1 $146 ({RR} 8. h3 Nd4 9. Nxd4 Bxd4 10. Ne2 O-O 11. Kh2 c6
12. Nxd4 exd4 13. Bb3 b5 14. Bd2 a5 15. f4 Ra7 16. Qe1 Re8 17. Rf2 a4 18. Ba2
Bf5 19. e5 Rae7 20. Qf1 dxe5 21. fxe5 Rxe5 22. Rxf5 Qe7 {Janion,C-Bray,R
Christchurch 1879 1/2-1/2 (49)}) ({RR} 8. b4 Ba7 9. Be3 O-O 10. h3 Be6 11. Bxa7
Rxa7 12. Bxe6 fxe6 13. d4 exd4 14. Nxd4 Qd7 15. f4 Raa8 16. Rf2 Rae8 17. Nde2
Qf7 18. Qd3 e5 19. f5 Ne7 20. Rd1 Rd8 21. Qe3 d5 22. exd5 Nexd5 {Gorodetzky,M 
(2319)-Chigaev,M (2632) Vrnjacka Banja SRB 2023 1/2-1/2 (48)}) ({RR} 8. h3 Nd4
9. Nd5 c6 10. Nxf6+ Qxf6 11. Nxd4 Bxd4 12. c3 Bb6 13. Be3 Bc7 14. f4 Be6 15.
fxe5 Qxe5 16. Bd4 Qg5 17. Bxe6 fxe6 18. Qb3 O-O-O 19. Qxe6+ Kb8 20. Rf7 Qb5 21.
c4 Qb3 22. Rf3 Bb6 {Mihaljevic,B (1981)-Peregi,Z (2065) Hungary 2007 1/2-1/2  
(34)}) 8... O-O 9. h3 Be6 10. Bxe6 fxe6 11. Ne2 d5 12. exd5 exd5 13. Ng3 e4 14.
dxe4 Nxe4 15. Nxe4 dxe4 16. Qxd8 Raxd8 17. Rxe4 Rd1+ 18. Kh2 Bd6+ 19. g3 Rxf3
20. Kg2 Rf7 21. f3 Nd4 22. f4 Nxc2 23. Rb1 Nd4 24. Kf2 Nb3 25. Re1 Rxe1 26.
Kxe1 Nxc1 27. Rxc1 Re7+ 28. Kf2 Kf7 29. Kf3 a5 30. g4 b6 31. h4 Bc5 32. h5 Re3+
33. Kg2 Re2+ 34. Kh3 Rxb2 35. Rd1 Bd6 36. Rd4 Rb3+ 37. Kh4 Rxa3 38. g5 b5 39.
Rd5 b4 40. Rf5+ Ke6 0-1

[Event "Floripa Chess Open 2024"]
[Site "Florianopolis"]
[Date "2024.01.22"]
[Round "3.205"]
[White "De Andrade, Arthur Batuli"]
[Black "Monteiro, Melissa"]
[Result "0-1"]
[WhiteElo "1800"]
[BlackElo "1340"]
[PlyCount "70"]
[EventDate "2024.01.20"]
[EventRounds "10"]
[EventCountry "BRA"]

1. e4 c6 2. d4 d5 3. exd5 cxd5 4. Bb5+ Nc6 5. Nf3 a6 6. Bxc6+ bxc6 7. O-O Bg4
8. h3 Bxf3 9. Qxf3 e6 ({RR} 9... Nf6 10. c4 e6 11. Nc3 Bd6 12. Bg5 O-O 13. c5
Be7 14. b4 Nd7 15. Bf4 Bf6 16. Rad1 e5 17. dxe5 Nxe5 18. Qg3 Nc4 19. Ne2 Re8
20. Nd4 Qd7 21. Bg5 Bxg5 22. Qxg5 h6 23. Qg3 Rab8 24. Qc3 {Long,S (1632)-Wu,Y
Qiziwan CHN 2023 0-1 (42)}) 10. Nc3 ({RR} 10. c4 Bd6 11. Nc3 Qf6 12. Qd1 Ne7
13. cxd5 exd5 14. Re1 O-O 15. Qg4 h6 16. Ne2 Ng6 17. Be3 Rfe8 18. Ng3 Bxg3 19.
Qxg3 Re6 20. Rac1 Rae8 21. Rc3 Nh4 22. Rec1 Nf5 23. Qf3 Qg6 24. Qg4 Qf6 {
Jones,G (2672)-Harikrishna,P (2716) chess24.com INT 2022 1/2-1/2}) 10... Nf6
11. Qg3 $146 ({RR} 11. b3 Bd6 12. Bg5 Be7 13. Na4 O-O 14. Rfe1 Qc7 15. Bxf6
Bxf6 16. c3 Rfe8 17. Nc5 e5 18. dxe5 Rxe5 19. Rxe5 Bxe5 20. Qd3 Qa5 21. b4 Qb5
22. Rc1 Qxd3 23. Nxd3 Bf6 24. a3 g6 25. c4 d4 {Lee,S (1471)-Mustafar,M Kuala
Lumpur 2016 1-0 (56)}) 11... g6 12. Bg5 Nh5 13. Qe5 Bg7 14. Bxd8 Bxe5 15. dxe5
Rxd8 16. g4 Ng7 17. Rad1 Ke7 18. f4 f6 19. exf6+ Kxf6 20. g5+ Ke7 21. Rd4 Nf5
22. Rb4 Rb8 23. Rxb8 Rxb8 24. b3 Ne3 25. Rc1 Kd6 26. Kf2 Nf5 27. Na4 Rb4 28. a3
Rxf4+ 29. Kg2 e5 30. c3 d4 31. Rf1 Ne3+ 32. Kg3 Nxf1+ 33. Kg2 d3 34. Nb2 d2 35.
Kg1 Ne3 0-1

[Event "Floripa Chess Open 2024"]
[Site "Florianopolis"]
[Date "2024.01.22"]
[Round "3.206"]
[White "Moura, Bernardo Lalane Mas"]
[Black "Simoncini, Luana Felipe"]
[Result "1/2-1/2"]
[WhiteElo "1327"]
[BlackElo "1772"]
[PlyCount "62"]
[EventDate "2024.01.20"]
[EventRounds "10"]
[EventCountry "BRA"]

1. d4 d5 2. c4 c6 3. Nf3 Bf5 4. e3 Nf6 5. Nbd2 e6 6. a3 ({RR} 6. Nh4 Bg6 7.
Nxg6 hxg6 8. g3 Bb4 9. Bg2 Ne4 10. O-O Bxd2 11. Bxd2 Nxd2 12. Qxd2 Nd7 13. Rac1
a5 14. b3 Qe7 15. Rc2 f5 16. f3 Nf6 17. Re1 O-O 18. e4 dxe4 19. fxe4 Nxe4 20.
Bxe4 fxe4 {Damljanovic,B (2548)-Perunovic,M (2611) Kragujevac 2017 0-1 (37)}) (
{RR} 6. Qb3 Qb6 7. Be2 Be7 8. O-O O-O 9. Ne5 Nbd7 10. f4 Qxb3 11. axb3 Nxe5 12.
fxe5 Ne4 13. Nxe4 Bxe4 14. c5 f6 15. exf6 Bxf6 16. Bd2 a6 17. Bf3 Bc2 18. b4
Bd3 19. Rf2 Rae8 20. Be2 Bxe2 {Onslow,A (2122)-Hajiyev,K (2153) chess.com INT
2023 0-1 (40)}) 6... Be7 7. b3 $146 ({RR} 7. Be2 O-O 8. b4 Qc7 9. Bb2 Nbd7 10.
Rc1 a6 11. O-O Qb8 12. c5 Re8 13. Ne5 Bd8 14. Ndf3 Bc7 15. Bd3 Nxe5 16. Nxe5
Bxe5 17. dxe5 Nd7 18. Bxf5 exf5 19. f4 g6 20. Qe1 Qd8 21. Qg3 Re6 {Jaskolka,K 
(1599)-Buettner,S (1416) Dortmund 2012 1-0 (40)}) 7... O-O 8. Bb2 Nbd7 9. Be2
Rc8 10. Nh4 Bg6 11. O-O Qc7 12. Bf3 Rfd8 13. Rc1 Nb6 14. Qe2 dxc4 15. Nxc4 Nfd5
16. Nd2 Re8 17. g3 Bg5 18. Ne4 Bh6 19. Rc2 Nd7 20. Rfc1 f5 21. Nc5 Re7 22. Nxe6
Qd6 23. Nc5 Nxc5 24. Rxc5 Rce8 25. Bxd5+ cxd5 26. Qb5 a6 27. Rxd5 Qe6 28. Qc4
b5 29. Qc3 Bxe3 30. Re5 Qxe5 31. dxe5 Rxe5 1/2-1/2

[Event "Floripa Chess Open 2024"]
[Site "Florianopolis"]
[Date "2024.01.22"]
[Round "3.207"]
[White "De Oliveira, Rosa Emilia Trizott"]
[Black "Blaszkosky, Vinicius"]
[Result "0-1"]
[WhiteElo "1800"]
[BlackElo "1314"]
[PlyCount "40"]
[EventDate "2024.01.20"]
[EventRounds "10"]
[EventCountry "BRA"]

1. e4 c5 2. Nf3 d6 3. Nc3 a6 4. Bd3 ({RR} 4. e5 d5 5. d4 Bg4 6. dxc5 e6 7. Be2
Bxc5 8. Nd4 Bxd4 9. Qxd4 Bf5 10. Qf4 Bxc2 11. Qg3 Bg6 12. h4 h5 13. O-O Nc6 14.
Bg5 Nge7 15. Rfd1 Nf5 16. Qh3 Qb6 17. Bd3 Nfe7 18. Rac1 Bxd3 {Anand,V (2788)
-Grischuk,A (2720) Mainz 2005 0-1 (49)}) 4... Nc6 ({RR} 4... Nf6 5. O-O e6 6.
e5 Nfd7 7. exd6 Bxd6 8. Ne4 Nf6 9. Nfg5 h6 10. Nxd6+ Qxd6 11. Ne4 Nxe4 12. Bxe4
Nc6 13. Qg4 Qe5 14. Bxc6+ bxc6 15. d3 Qf6 16. Qe4 Bb7 17. Bf4 Qe7 18. d4 cxd4
19. Qxd4 {Araboga,O (1125)-Boge,H Konya TUR 2018 0-1 (45)}) 5. O-O $146 ({RR} 
5. a3 Nf6 6. O-O g6 7. Nd5 e6 8. Ne3 Bg7 9. c3 d5 10. exd5 exd5 11. Re1 O-O 12.
b4 d4 13. cxd4 Nxd4 14. Nxd4 Qxd4 15. Qe2 Qxa1 16. Nc4 Bg4 17. Qf1 Rae8 18.
Rxe8 Rxe8 19. bxc5 Nd5 {Holzer-Berg,G (2110) New York 1993 0-1 (32)}) 5... Nf6
6. Qe2 Bg4 7. h3 Nd4 8. Qe3 Nxf3+ 9. gxf3 Bxh3 10. Rd1 e5 11. f4 Bg4 12. f3
exf4 13. Qe2 Be6 14. b3 h5 15. a3 Rh6 16. Kf2 Rg6 17. Bb2 Nxe4+ 18. Nxe4 Qh4+
19. Kf1 Qh1+ 20. Kf2 Rg2# 0-1

[Event "Floripa Chess Open 2024"]
[Site "Florianopolis"]
[Date "2024.01.22"]
[Round "3.209"]
[White "Damasio, Fabio Ferreira"]
[Black "Sikorski, Valentim Enrico"]
[Result "1-0"]
[WhiteElo "1296"]
[BlackElo "1636"]
[PlyCount "77"]
[EventDate "2024.01.20"]
[EventRounds "10"]
[EventCountry "BRA"]

1. e4 c5 2. Nc3 e6 3. Bc4 a6 4. a3 b5 5. Be2 Qc7 6. Nf3 Nc6 7. O-O Nf6 8. d3
Be7 9. Be3 O-O 10. Nd2 $146 ({RR} 10. Qd2 d6 11. Rad1 Bb7 12. d4 Rad8 13. dxc5
dxc5 14. Qc1 b4 15. axb4 cxb4 16. Na4 Nd7 17. Bd3 Bd6 18. Rfe1 Rfe8 19. h3 Qb8
20. b3 f6 21. Nd4 Nxd4 22. Bxd4 e5 23. Be3 Kh8 24. Bc4 Qc7 {Tselos,
A-Hadjinicolaou,A (1546) Greece 2014 0-1 (71)}) 10... Bb7 11. Nb3 Rad8 12. Nxc5
Bxc5 13. Bxc5 Rfe8 14. Qd2 d6 15. Be3 d5 16. exd5 exd5 17. Bf4 Qc8 18. h3 d4
19. Nd1 Ba8 20. Bg5 Qb7 21. Bf3 h6 22. Bxf6 gxf6 23. Qxh6 Re6 24. b3 f5 25.
Qg5+ Rg6 26. Qxd8+ Kg7 27. Qd5 Na5 28. Qe5+ Rf6 29. Bxb7 Bxb7 30. Qxd4 Nc6 31.
Qc3 a5 32. b4 a4 33. Ne3 Bc8 34. Nd5 Be6 35. Nxf6 Kf8 36. Qxc6 Kg7 37. Ne8+ Kf8
38. d4 Ke7 39. Rfc1 1-0

[Event "Floripa Chess Open 2024"]
[Site "Florianopolis"]
[Date "2024.01.22"]
[Round "3.210"]
[White "Ferrari, Theo Schoroeder San"]
[Black "Rahn, Marlon Cristiano"]
[Result "1/2-1/2"]
[WhiteElo "1800"]
[BlackElo "1295"]
[PlyCount "105"]
[EventDate "2024.01.20"]
[EventRounds "10"]
[EventCountry "BRA"]

1. c4 b6 2. Nc3 Bb7 3. Nf3 e6 4. g3 Nf6 5. Bg2 Be7 6. O-O O-O 7. d3 ({RR} 7.
Ne1 d5 8. cxd5 Nxd5 9. Nxd5 exd5 10. d4 {1/2-1/2 (10) Kveinys,A (2515)
-Tiviakov,S (2625) Bad Woerishofen 2005}) ({RR} 7. Rb1 c5 8. d4 cxd4 9. Qxd4
Nc6 10. Qd2 Rc8 11. Rd1 a6 12. b3 Bb4 13. Qd3 Bxc3 14. Qxc3 d5 15. cxd5 Nxd5
16. Qa1 Qe7 17. Bb2 f6 18. a3 Rfd8 19. b4 b5 20. Qa2 Nb6 21. Bh3 Nc4 {Guerb,L 
(2295)-Dinu,D (2203) chess.com INT 2023 0-1 (43)}) 7... d6 8. Bd2 Nbd7 9. Qc2
$146 ({RR} 9. b4 a6 10. Qc2 Rc8 11. Rab1 c6 12. d4 c5 13. bxc5 dxc5 14. d5 exd5
15. Ng5 h6 16. Nh3 b5 17. Nxd5 Nxd5 18. cxd5 Bd6 19. e4 c4 20. Bc3 Qe7 21. Qb2
Ne5 22. a4 Nd3 23. Qa1 b4 {Plenkovic,Z (2413)-Stocko,J (2253) Zagreb 2014 1-0 
(39)}) ({RR} 9. b4 c5 10. a3 d5 11. bxc5 Nxc5 12. cxd5 Nxd5 13. d4 Nxc3 14.
Bxc3 Ne4 15. Bb2 Nf6 16. Re1 Rc8 17. Rc1 h6 18. Qa4 a6 19. Qb3 b5 20. Rxc8 Qxc8
21. Rc1 Qb8 22. Ne5 Bxg2 23. Kxg2 Qb7+ {Hartsteen,M (1933)-Moller,A (1946)
Copenhagen 2007 1/2-1/2}) 9... c5 10. a4 Re8 11. a5 h6 12. Ra2 bxa5 13. Rfa1 a6
14. Rxa5 Qb6 15. Na4 Qc6 16. Nc3 Ne5 17. Bf4 Nxf3+ 18. Bxf3 d5 19. Qa4 Qb6 20.
Qa2 Bd6 21. cxd5 Bxf4 22. gxf4 Nxd5 23. Nxd5 Bxd5 24. Bxd5 exd5 25. Qxd5 Qg6+
26. Kh1 Rad8 27. Qxc5 Rxe2 28. Rxa6 Qxd3 29. R6a3 Qe4+ 30. Kg1 Re1+ 31. Rxe1
Qxe1+ 32. Kg2 Qe4+ 33. Rf3 Rd3 34. Qc8+ Kh7 35. Qh3 Rd2 36. b3 Rd1 37. f5 Qe1
38. Kg3 Qg1+ 39. Qg2 Qe1 40. Kh3 Qg1 41. Qxg1 Rxg1 42. b4 Rb1 43. Rf4 h5 44.
Kg2 Rb2 45. Kf3 Kh6 46. h4 g6 47. Ke3 g5 48. Rd4 gxh4 49. Rxh4 Kg5 50. Re4 h4
51. Kf3 h3 52. Kg3 Rxf2 53. Kxh3 1/2-1/2

[Event "Floripa Chess Open 2024"]
[Site "Florianopolis"]
[Date "2024.01.22"]
[Round "3.211"]
[White "Viana, Amanda Thamy Koto"]
[Black "Nunes, Alice"]
[Result "1-0"]
[WhiteElo "1800"]
[BlackElo "1274"]
[PlyCount "123"]
[EventDate "2024.01.20"]
[EventRounds "10"]
[EventCountry "BRA"]

1. e4 e5 2. Nf3 d6 3. d4 Nd7 4. Bc4 Ngf6 ({RR} 4... Qe7 5. O-O h6 6. Nc3 c6 7.
a4 g5 8. dxe5 dxe5 9. Be3 Ngf6 10. a5 Bg7 11. Re1 Ng4 12. Nd2 Ndf6 13. Nf1 O-O
14. Ng3 Nxe3 15. fxe3 Bg4 16. Qd2 Rad8 17. Qf2 Qc5 18. Bb3 Rd7 19. h3 {
Berelowitsch,A (2495)-Sulskis,S (2555) Koszalin 1998 1-0 (54)}) 5. Ng5 Qe7 ({RR
} 5... d5 6. exd5 Nb6 7. dxe5 Nxc4 8. exf6 Qxf6 9. O-O Be7 10. Nc3 O-O 11. Nge4
Qg6 12. b3 Nd6 13. Nxd6 Bxd6 14. Re1 Bf5 15. Bb2 Bxc2 16. Qd4 Qd3 17. Qg4 Qg6
18. Qd4 Qd3 19. Qg4 Qg6 20. Qd4 {Butti,E (2065)-Adury,A (2028) chess.com INT
2022 1/2-1/2}) 6. Nxf7 $146 ({RR} 6. Bxf7+ Kd8 7. Ne6+ Qxe6 8. Bxe6 c6 9. Nc3
Be7 10. O-O h6 11. dxe5 Nxe5 12. f4 Ned7 13. e5 Ne8 14. Be3 Kc7 15. Bxd7 Bxd7
16. Qe2 d5 17. Rad1 Be6 18. f5 Bg8 19. Bf4 g5 20. Bg3 {1-0 (20) Blosze,W (1898)
-Kirchner,S (1276) Hanau 2012}) 6... Qxf7 7. Bxf7+ Kxf7 8. Nc3 Be7 9. O-O Rf8
10. Bg5 b6 11. f4 Kg8 12. Qd3 Kh8 13. Rf3 a5 14. Raf1 Ba6 15. Qe3 Bxf1 16. Rxf1
Ng4 17. Qg3 Bxg5 18. Qxg4 Bxf4 19. g3 Be3+ 20. Kg2 Rxf1 21. Kxf1 Nf6 22. Qf5
Bxd4 23. Ke2 Rd8 24. Nb5 c6 25. Nxd6 Rxd6 26. Qc8+ Ng8 27. c3 Bc5 28. Qe8 Rf6
29. Qxe5 Rf2+ 30. Kd3 Rxb2 31. h4 Rxa2 32. Qc7 h6 33. Qxc6 Ne7 34. Qe8+ Kh7 35.
g4 Rg2 36. g5 h5 37. Qxh5+ Kg8 38. Qf3 Rh2 39. Qg3 Rh1 40. Qg4 Ng6 41. Qg3 Rxh4
42. e5 a4 43. Kc2 Re4 44. e6 Rxe6 45. Qg4 Re8 46. Qxa4 Re2+ 47. Kb3 Rg2 48.
Qa8+ Nf8 49. Qxg2 g6 50. Kc4 Kg7 51. Qb7+ Kg8 52. Kd5 Nh7 53. Qc8+ Nf8 54. Ke5
Be3 55. Kf6 Bf4 56. Qe8 Bxg5+ 57. Kxg5 Kg7 58. Qe7+ Kg8 59. Kh6 Ne6 60. Qxe6+
Kf8 61. Kxg6 b5 62. Qf7# 1-0

[Event "Floripa Chess Open 2024"]
[Site "Florianopolis"]
[Date "2024.01.22"]
[Round "3.213"]
[White "Rolim, Claudia Vitoria Fer"]
[Black "Nunes, Nicole"]
[Result "0-1"]
[WhiteElo "1745"]
[BlackElo "1253"]
[PlyCount "78"]
[EventDate "2024.01.20"]
[EventRounds "10"]
[EventCountry "BRA"]

1. e4 c5 2. Nf3 Nc6 3. d4 cxd4 4. Nxd4 g6 5. Nc3 Bg7 6. Be3 Nf6 7. f3 d6 8. Qd2
O-O 9. O-O-O Nd7 ({RR} 9... d5) 10. Nb3 $146 ({RR} 10. h4 Nb6 11. h5 Na5 12. g4
Nac4 13. Bxc4 Nxc4 14. Qe2 Nxe3 15. Qxe3 Qb6 16. Qd2 Qxd4 17. Qxd4 Bxd4 18.
Rxd4 Bd7 19. Nd5 Rae8 20. Rc4 Bc6 21. Nb4 Rc8 22. Nxc6 Rxc6 23. Rxc6 bxc6 24.
Kd2 Rb8 {Lopez,T-Casado,M Esperanza 2002 0-1 (82)}) ({RR} 10. h4 Nxd4 11. Bxd4
Bxd4 12. Qxd4 h5 13. Bc4 Ne5 14. Bb3 a6 15. Qe3 Kh7 16. g4 hxg4 17. h5 Rh8 18.
f4 Nc6 19. hxg6+ Kxg6 20. f5+ Kf6 21. Nd5+ Ke5 22. Qf4# {1-0 (22) Samunenkov,I
(2488)-Koridze,L (2139) chess.com INT 2022}) ({RR} 10. h4 h5 11. g4 hxg4 12. h5
Nde5 13. hxg6 Nxd4 14. Bxd4 Nxf3 15. Rh8+ {1-0 (15) Kutuzovic,B (2375)-Csatari,
M (2140) Harkany 1996}) 10... Nde5 11. Kb1 a5 12. a4 Be6 13. Bh6 Nc4 14. Bxc4
Bxc4 15. Bxg7 Kxg7 16. Nd4 Ne5 17. b3 Ba6 18. h4 Qd7 19. h5 Rfb8 20. hxg6 Nxg6
21. Qh6+ Kg8 22. Qxh7+ Kf8 23. Qh8+ Nxh8 24. Rxh8+ Kg7 25. Nf5+ Qxf5 26. exf5
Rxh8 27. Re1 Rh2 28. g4 Rc8 29. Kb2 Kf6 30. f4 e6 31. Ne4+ Ke7 32. f6+ Kd7 33.
Nc3 Rh3 34. Ne4 Rf3 35. Rd1 d5 36. Ng5 Rxf4 37. Nxf7 Rxf6 38. Ne5+ Kd6 39. Re1
Rf2 0-1

[Event "Floripa Chess Open 2024"]
[Site "Florianopolis"]
[Date "2024.01.22"]
[Round "3.214"]
[White "Port, Ana Lucia Capriles"]
[Black "Born, Ary"]
[Result "0-1"]
[WhiteElo "1721"]
[BlackElo "1249"]
[PlyCount "50"]
[EventDate "2024.01.20"]
[EventRounds "10"]
[EventCountry "BRA"]

1. e4 e6 2. Nf3 d5 3. e5 c5 4. d4 Nc6 5. Bb5 Be7 ({RR} 5... Qa5+ 6. Nc3 Bd7 7.
O-O {1/2-1/2 (7) Svanda,P (2300)-Cagasik,T (2265) Czechia 2004}) ({RR} 5...
Qa5+ 6. Nc3 Bd7 7. Bd2 Qb6 8. dxc5 Bxc5 9. Bxc6 Bxf2+ 10. Kf1 Bxc6 11. b3 Bc5
12. a4 a6 13. Na2 Qc7 14. b4 Ba7 15. a5 Ne7 16. Bc3 Nf5 17. Qd2 Bb5+ 18. Ke1
O-O 19. g4 Ne3 20. Nd4 {Zarza,L-Avalos,L (1741) Asuncion 2013 0-1 (40)}) 6. Qe2
$146 ({RR} 6. c3 Qc7 7. Bg5 a6 8. Bxc6+ Qxc6 9. Bxe7 Nxe7 10. Ng5 O-O 11. Qh5
h6 12. h4 Qc7 13. Nd2 Nf5 14. g4 Nxd4 15. cxd4 cxd4 16. Ngf3 Bd7 17. g5 Be8 18.
gxh6 f6 19. Qg4 g6 20. Qxe6+ Bf7 {Thornton,I-Hagerty,M Detroit East 1983 1-0})
6... g5 7. dxc5 h6 8. Be3 Bd7 9. Na3 f6 10. Bxc6 bxc6 11. Bd4 Rb8 12. b3 Qa5+
13. Qd2 Qxa3 14. exf6 Bxf6 15. Ne5 Qb4 16. Nxd7 Kxd7 17. Bxf6 Qxd2+ 18. Kxd2
Nxf6 19. Kd3 Ne4 20. Kd4 a5 21. Rae1 a4 22. Re2 Rhf8 23. Rf1 a3 24. f3 Rbe8 25.
Rfe1 e5+ 0-1

[Event "Floripa Chess Open 2024"]
[Site "Florianopolis"]
[Date "2024.01.22"]
[Round "3.216"]
[White "Nogueira, Manuela Mahara Buch"]
[Black "Vaz, Vania Dora Madona"]
[Result "0-1"]
[WhiteElo "1666"]
[BlackElo "1236"]
[PlyCount "64"]
[EventDate "2024.01.20"]
[EventRounds "10"]
[EventCountry "BRA"]

1. e4 e6 2. d4 d5 3. exd5 exd5 4. Nf3 Bd6 5. Bd3 Ne7 6. O-O O-O 7. Bf4 $146 ({
RR} 7. Ng5 Bf5 8. Bxf5 Nxf5 9. Qd3 Qf6 10. Nc3 a6 11. g4 h6 12. Qxf5 Qxf5 13.
gxf5 hxg5 14. Bxg5 Nd7 15. a3 Nb6 16. Rfe1 Rfe8 17. Re2 Nc4 18. b4 Rxe2 19.
Nxe2 a5 20. c3 axb4 21. cxb4 Rxa3 {Wehner,R-Kamp,C Mannheim 1987 0-1 (50)}) ({
RR} 7. Nc3 Nbc6 8. Bd2 Bg4 9. h3 Bf5 10. Nh4 Bxd3 11. cxd3 Nxd4 12. Qg4 Ne6 13.
f4 f5 14. Qg3 d4 15. Ne2 Rf6 16. Rac1 c5 17. a3 a5 18. Rf2 b6 19. Kh1 Qc7 20.
Rcf1 Raf8 21. Rf3 Ng6 {Maciuityte,M-Zalimaite,I (1857) Plunge 2009 0-1 (35)}) (
{RR} 7. Be3 c6 8. c4 Bf5 9. Nc3 Bxd3 10. Qxd3 Nd7 11. Rfe1 dxc4 12. Qxc4 Nb6
13. Qd3 Ned5 14. Ng5 Nf6 15. Nge4 Nxe4 16. Qxe4 Re8 17. Qg4 Re6 18. Bg5 Rxe1+
19. Rxe1 Qf8 20. Ne4 f5 21. Nf6+ gxf6 {Diesterweg,U-Hammes,M Germany 1989 0-1})
7... Bxf4 8. Nbd2 Nd7 9. Qe2 Nf6 10. g3 Bd6 11. c4 c6 12. cxd5 cxd5 13. Bc2 h6
14. Qd3 Bf5 15. Qc3 Rc8 16. Qe3 Rxc2 17. Rac1 Rxc1 18. Rxc1 Ng4 19. Qc3 Qd7 20.
h3 Nf6 21. Qe3 Bxh3 22. Nh2 Nf5 23. Qc3 Ne7 24. Qe3 Rc8 25. Rxc8+ Qxc8 26. Nhf3
Qc2 27. Qe1 Qxb2 28. a4 Ne4 29. Nf1 Bb4 30. Qe3 Nf5 31. Qf4 Qxf2+ 32. Kh1 Qg2#
0-1

[Event "Floripa Chess Open 2024"]
[Site "Florianopolis"]
[Date "2024.01.22"]
[Round "3.218"]
[White "Pavao, Tiago Lara Biasi"]
[Black "Salamanca Paraguayo, Mateo"]
[Result "0-1"]
[WhiteElo "1613"]
[BlackElo "1182"]
[PlyCount "64"]
[EventDate "2024.01.20"]
[EventRounds "10"]
[EventCountry "BRA"]

1. c4 e5 2. g3 Nf6 3. Bg2 Bc5 4. e3 Nc6 5. Nc3 O-O 6. Nge2 d6 7. O-O Be6 8. b3
({RR} 8. d4 exd4 9. exd4 Nxd4 10. Nxd4 Bxc4 11. Re1 c6 12. b3 Bb4 13. Bd2 Bxc3
14. Bxc3 Bd5 15. Nf5 Bxg2 16. Kxg2 d5 17. Ne7+ Kh8 18. Bxf6 gxf6 19. Qd4 Kg7
20. Nf5+ {1-0 (20) Sichinava,R (2395)-Chang,H Rotterdam 1998}) 8... Bb4 ({RR} 
8... a6 9. d4 exd4 10. exd4 Bb4 11. d5 Bg4 12. Bb2 Ne7 13. Qc2 Bxe2 14. Nxe2
Ng6 15. a3 Bc5 16. b4 Ba7 17. Rfe1 Ng4 18. Nd4 Bxd4 19. Bxd4 Nf6 20. Re3 Re8
21. Bh3 Rb8 22. Rae1 b6 23. Qe2 {Marchenko,V (1423)-Sadkovkin,A (1585) Kaluga
2016 1/2-1/2}) 9. Bb2 Bf5 $146 ({RR} 9... Qd7 10. f4 Bh3 11. fxe5 dxe5 12. Rxf6
Bxg2 13. Kxg2 gxf6 14. Nd5 Kg7 15. Nef4 Be7 16. Qh5 exf4 17. Nxf6 Qxd2+ 18. Kh3
{0-1 (18) Ahrends,N (2069)-Kubens,V Griesheim 2002}) 10. d4 exd4 11. Nxd4 Nxd4
12. exd4 c6 13. a3 Ba5 14. b4 Bc7 15. a4 d5 16. cxd5 cxd5 17. Qf3 Be4 18. Nxe4
Nxe4 19. Qd3 Re8 20. Rfe1 Nf6 21. Rxe8+ Qxe8 22. b5 Qd7 23. a5 Re8 24. a6 Rb8
25. Bc1 b6 26. Bg5 Ne8 27. Rc1 Bd8 28. Qf3 Bxg5 29. Re1 Nc7 30. Re5 Bf6 31. Qg4
Qc6 32. Qf4 Re8 0-1

[Event "Floripa Chess Open 2024"]
[Site "Florianopolis"]
[Date "2024.01.22"]
[Round "4.11"]
[White "Gauche, Charles"]
[Black "Roselli Mailhe, Bernardo"]
[Result "0-1"]
[WhiteElo "2182"]
[BlackElo "2364"]
[PlyCount "40"]
[EventDate "2024.01.20"]
[EventRounds "10"]
[EventCountry "BRA"]

1. Nf3 Nf6 2. b3 g6 3. Bb2 Bg7 4. g3 d6 5. d4 c5 6. c4 Ne4 7. Qc2 $146 ({RR} 7.
Bg2 Nc6 8. O-O Bg4 9. Na3 O-O 10. Nc2 a5 11. Rb1 Qb6 12. Ne3 Bxf3 13. exf3 Nf6
14. d5 Nd4 15. f4 e6 16. dxe6 fxe6 17. Re1 Rae8 18. a3 e5 19. fxe5 dxe5 20. b4
axb4 21. axb4 cxb4 {Manasterski,L-Doda,Z Poznan 1971 1/2-1/2}) ({RR} 7. Qc1
Qa5+ 8. Nbd2 Nxd2 9. Qxd2 Qxd2+ 10. Kxd2 Nc6 11. e3 Bg4 12. Be2 Rb8 13. Kc1
cxd4 14. Nxd4 h5 15. f3 Bd7 16. Nxc6 Bxb2+ 17. Kxb2 bxc6 18. Kc3 c5 19. h4 a5
20. a3 Bc6 21. Rhb1 Kd7 {Kortschnoj,V (2625)-Kasparov,G (2800) Paris 1990 1/
2-1/2}) ({RR} 7. Nfd2 Qa5 8. e3 Nc6 9. Bg2 Nxd2 10. Bc3 Qb6 11. Bxc6+ bxc6 12.
Qxd2 O-O 13. dxc5 Qxc5 14. Bxg7 Kxg7 15. Qd4+ Qxd4 16. exd4 a5 17. Nc3 Be6 18.
Kd2 Rfb8 19. Rhe1 Rb4 20. Kd3 Rd8 21. Rac1 Kf8 {Neelash,S (2446)-Audi,A (2385)
Indore IND 2024 1-0 (73)}) ({RR} 7. Nbd2 Qa5 8. Qc1 Nxd2 9. Qxd2 Qxd2+ 10. Kxd2
Nc6 11. e3 Bg4 12. Bg2 O-O-O 13. Kc1 e5 14. d5 Nb4 15. Ne1 h5 16. h4 f6 17. Kd2
g5 18. a3 Na6 19. Nd3 Rdg8 20. Rh2 Bf5 21. hxg5 fxg5 {Minzer,C (2370)-Roselli
Mailhe,B (2455) Santiago de Chile 1996 1/2-1/2}) ({RR} 7. Nfd2 Qa5 8. Bg2 Nxd2
9. Bc3 Nxb3 10. Bxa5 Nxa5 11. Qa4+ Nac6 12. Nd2 O-O 13. Rb1 cxd4 14. O-O Nd7
15. Qa3 a5 16. Rb5 a4 17. Rfb1 Nc5 18. Nb3 axb3 19. Qxa8 Bf5 20. Qa3 Bxb1 21.
axb3 d3 {Psakhis,L (2480)-Magerramov,E (2435) Baku (Azerbaijan) 1978 0-1 (40)})
7... Bf5 8. Nbd2 Qa5 9. Nh4 Nxg3 10. Nxf5 Nxf5 11. dxc5 dxc5 12. Bg2 Nc6 13.
Bxc6+ bxc6 14. Bxg7 Nxg7 15. Qb2 f6 16. O-O-O Kf7 17. Ne4 Rhd8 18. e3 Rxd1+ 19.
Rxd1 Rd8 20. Rf1 Ne6 0-1

[Event "Floripa Chess Open 2024"]
[Site "Florianopolis"]
[Date "2024.01.22"]
[Round "4.12"]
[White "De Borba, Gabriel"]
[Black "Hoffman, Alejandro"]
[Result "0-1"]
[WhiteElo "2171"]
[BlackElo "2358"]
[PlyCount "112"]
[EventDate "2024.01.20"]
[EventRounds "10"]
[EventCountry "BRA"]

1. e4 d6 2. d4 Nf6 3. Nc3 e5 4. Nf3 exd4 5. Nxd4 Be7 6. Bc4 O-O 7. O-O c6 8. a4
a5 9. Re1 ({RR} 9. h3 Re8 10. Re1 Bf8 11. Bg5 Nbd7 12. Re3 Ne5 13. Bb3 h6 14.
Bh4 g5 15. Bg3 Ng6 16. Qd3 Nh5 17. Bh2 Nhf4 18. Bxf4 Nxf4 19. Qd2 Bg7 20. Rd1
Be5 21. Nf3 Be6 22. Ne2 Nxe2+ 23. Qxe2 Bf4 {Managadze,N (2475)-Gelashvili,T  
(2619) Philadelphia 2012 1/2-1/2 (78)}) 9... Na6 10. Be3 $146 ({RR} 10. Bf4 Nb4
11. Qd2 Re8 12. Rad1 Bf8 13. h3 h6 14. e5 dxe5 15. Bxe5 Nfd5 16. Nxd5 Nxd5 17.
Nf3 Be6 18. Nd4 Bd7 19. Nf3 Qc8 20. Bxd5 cxd5 21. Qxd5 Bxa4 22. Nd4 Ra6 23. b3
Bd7 24. Bf4 Qc5 {Goessling,G (2186)-Orlov,A (2392) Dortmund 2004 0-1 (82)}) ({
RR} 10. Qf3 Nb4 11. Bb3 Nd7 12. Re2 Bf6 13. Nf5 Ne5 14. Qg3 Bxf5 15. exf5 d5
16. Bf4 Nd7 17. Rae1 Qb6 18. Bd6 Rfc8 19. h3 h6 20. Be7 Re8 21. Qd6 Bxe7 22.
Rxe7 Nf6 23. Rxe8+ Nxe8 24. Qf4 Nf6 {Cidre,V (1993)-Perelman,H (2253) Buenos
Aires ARG 2023 0-1 (61)}) ({RR} 10. Bf4 Nc5 11. h3 Be6 12. Nxe6 fxe6 13. Bxd6
Bxd6 14. e5 Nd5 15. exd6 Qxd6 16. Ne4 Qf4 17. Qd4 Nxe4 18. Rxe4 Qf6 19. Rae1
Qxd4 20. Rxd4 Rfe8 21. f4 g6 22. Kf2 Kf7 23. g3 Rad8 24. h4 h5 {Gomez Anadon,D
(2254)-Llorente Zaro,A (2367) Zaragoza 2006 1/2-1/2 (38)}) 10... Nb4 11. Nb3
Ng4 12. Bd4 Bf6 13. h3 Bxd4 14. Nxd4 Ne5 15. Bb3 Qb6 16. Nf5 Bxf5 17. exf5 Qc7
18. f6 d5 19. fxg7 Rfe8 20. Ne2 Qd6 21. Nf4 Qh6 22. Nh5 Nd7 23. Ng3 Qxg7 24.
Qh5 Qg6 25. Qf5 Qxf5 26. Nxf5 Nc5 27. Rad1 f6 28. Nd4 Kf7 29. Kf1 Nxb3 30. Rxe8
Kxe8 31. cxb3 Kd7 32. Ke2 Re8+ 33. Kf3 Re4 34. g4 Na6 35. h4 Nc5 36. Kg3 Ne6
37. Nxe6 Kxe6 38. Kf3 f5 39. gxf5+ Kxf5 40. Kg3 Re2 41. Rd3 Rxb2 42. Rf3+ Kg6
43. Kg4 h5+ 44. Kf4 Re2 45. Kg3 Re4 46. Rd3 Rg4+ 47. Kh3 Rb4 48. Kg3 Kf5 49.
Rf3+ Ke5 50. Re3+ Re4 51. Rd3 Rg4+ 52. Kh3 c5 53. f3 Rg7 54. Re3+ Kf4 55. Re6
Kxf3 56. Re5 Rd7 0-1